Lí luận - phê bình văn học thế giới thế kỉ XX
Kaydedildi:
| Yazar: | |
|---|---|
| Materyal Türü: | Kitap |
| Etiketler: |
Etiketle
Etiket eklenmemiş, İlk siz ekleyin!
|
| Thư viện lưu trữ: | Mạng thư viện Đại học Đà Nẵng |
|---|
| LEADER | 00827nam a2200241 4500 | ||
|---|---|---|---|
| 001 | 000004448 | ||
| 003 | 587 | ||
| 005 | 20150812140856.0 | ||
| 008 | 110720s sd | ||
| 041 | 0 | |a 164.000đ | |
| 082 | 1 | |a 809 |b LOC | |
| 100 | 0 | |a Lộc Phương Thủy | |
| 245 | 0 | 0 | |a Lí luận - phê bình văn học thế giới thế kỉ XX |c Dịch, b.s.: Lộc Phương Thuỷ (ch.b.), Phạm Vĩnh Cư, Trương Đăng Dung.. |
| 774 | |a Lộc Phương Thủy |d Giáo dục |d H. |d 2007 |g T.1 |h 610tr., 8tr. ảnh |w 593 | ||
| 774 | |a Lộc Phương Thủy |d Giáo dục |d 2007 |d H. |g T.2 |h 955tr., 8tr. ảnh |w 594 | ||
| OWN | |a LSP | ||
| 999 | |a From the UDN01 | ||
| TYP | |a Monograph | ||
| TYP | |a Printed language | ||
| 980 | |a Mạng thư viện Đại học Đà Nẵng | ||